| 000 | 01330cad a22002415a 4500 | ||
|---|---|---|---|
| 001 | L152852 | ||
| 008 | 110506s2011 xxk f 000 0 eng d | ||
| 035 | _a(Sirsi) u152852 | ||
| 041 | 0 | _aeng | |
| 050 | 0 | 4 | _a346.4104342 $2 18 |
| 100 | 1 | _aHolt, Andrew | |
| 245 | 0 | 0 |
_aService charge operating report 2010/11 _bSCOR 2010/11 _h[electronic resource] |
| 260 |
_aBristol _bProperty Solutions (UK) _aLondon _bKingston University _c2011 |
||
| 520 | _aThis latest report on service charges paid on commercial office buildings by British business is based on an analysis of service charge returns from the tenants of 756 large-scale multi-let buildings located predominantly in England and Wales. Highlights the need for greater transparency in the management of service charges, standardisation of accounting procedures; and better training for property surveyors. | ||
| 590 | _aKA NTK | ||
| 651 | 4 |
_aUnited Kingdom _y |
|
| 690 | _aPROPERTY-COMMERCIAL PROPERTY-COMMERCIAL LANDLORD AND TENANT-COMMERCIAL SERVICE CHARGES | ||
| 690 | _aPROPERTY-COMMERCIAL PROPERTY-OFFICE PROPERTY-OFFICES | ||
| 700 | 1 | _aBarrass, David | |
| 700 | 1 | _aZatolokina, Anastasia | |
| 856 | 4 | 0 |
_uhttps://www.property-solutions.co.uk/site_media/uploads/scor_2011_final_report.pdf _zView the report free of charge at www.property-solutions.co.uk |
| 942 | _n0 | ||
| 999 |
_c112231 _d112231 |
||